Základné zásady Zákonníka práce a ich význam

Bibliographic Details
Main Author: Jendrálová, Anna (Author)
Format: Article
Language:Slovak
ISSN:1335-1508
Subjects:

MARC

LEADER 00000nab a2200000 a 4500
001 vtls008162972
003 SK-MaSNL
005 20260304143804.0
008 250505c2005 xo zr|p|||||||000 b|slo
015 |a SNBRB2005/06  |2 snkbucl 
035 |a urn:nbn:sk:snk-ab8chs 
035 |a (urnnbn)urn:nbn:sk:snk:ar-a0816y 
035 |a (uuid)936c08c1-5480-4f1a-9eaa-b0526c608adf 
038 |a SNKBUCL 
040 |a SNKBUCL  |b slo  |c SNKBUCL  |e AACR2 
041 0 |a slo 
044 |a xo  |c SK 
080 |a 349.2  |2 1997 
100 1 |a Jendrálová, Anna  |4 aut  |9 612291 
245 1 0 |a Základné zásady Zákonníka práce a ich význam  |c Anna Jendrálová 
630 0 7 |a Zákonník práce  |2 snkbucl  |9 382282 
650 0 7 |a pracovné právo  |2 snkbucl  |9 982 
773 0 |t Personálny a mzdový poradca podnikateľa  |g Č. 8-9 (2005), s. 99-124  |x 1335-1508 
850 |a Slovenská národná knižnica 
852 |a Slovenská národná knižnica 
954 |a odborná, vedecká literatúra pôvodná (slovenská)  |2 lita 
958 |a article9 
958 |a OND 
958 |a EUIPO 
999 |c 2927613  |d 2929543